00473nam a22001457a 450000500170000000800410001702000180005804000330007608200210010910000250013024500850015526000490024030000150028965000230030420260509125037.0260509b |||||||| |||| 00| 0 eng d a9789372127379 aSGVU Library cSGVU Library  222a338.1bROR A aRout Rajendra Kumar  aA Textbook on Principal of Agricultural Economics And Farm Management hEnglish  aNew Delhi , India bKalyani Publishersc2026 a10.59pbPB aAgricultureyG4762